00341nam a2200109Ia 4500008004100000082000800041100001500049245005100064942000600115952009500121999001500216240331s9999 xx 000 0 und d bFOR aForth, M.K 0aMarxiya moola noolkalukku vasagar valikaddikal cL 001040708LaWERCLbWERCLcSSCd2024-03-31l0o 335 FORp2154r2024-03-31w2024-03-31yL c3598d3598